GLASS FIBER REINFORCED CEMENT (Record no. 541401)
[ view plain ]
| 000 -LEADER | |
|---|---|
| fixed length control field | 00522 a2200193 4500 |
| 005 - DATE AND TIME OF LATEST TRANSACTION | |
| control field | 20210314122512.0 |
| 008 - FIXED-LENGTH DATA ELEMENTS--GENERAL INFORMATION | |
| fixed length control field | 130627b xxu||||| |||| 00| 0 eng d |
| 022 ## - INTERNATIONAL STANDARD SERIAL NUMBER | |
| International Standard Serial Number | 0-632-02904-8 |
| 040 ## - CATALOGING SOURCE | |
| Transcribing agency | NUST |
| 082 ## - DEWEY DECIMAL CLASSIFICATION NUMBER | |
| Classification number | 624.1833 MAJ |
| 100 ## - MAIN ENTRY--PERSONAL NAME | |
| Personal name | MAJUMDAR, A.J. |
| 9 (RLIN) | 36245 |
| 245 ## - TITLE STATEMENT | |
| Title | GLASS FIBER REINFORCED CEMENT |
| 260 ## - PUBLICATION, DISTRIBUTION, ETC. | |
| Place of publication, distribution, etc. | LONDON |
| Name of publisher, distributor, etc. | OXFORD BSP PROFESSIONAL BOOKS |
| Date of publication, distribution, etc. | 1991 |
| 300 ## - PHYSICAL DESCRIPTION | |
| Extent | VIII, 197 P, ILL |
| 500 ## - GENERAL NOTE | |
| General note | CONSTRUCTION |
| 526 ## - STUDY PROGRAM INFORMATION NOTE | |
| Program name | 0 |
| Interest level | 0 |
| Reading level | 0 |
| Title point value | 624_183300000000000_MAJ |
| 540 ## - TERMS GOVERNING USE AND REPRODUCTION NOTE | |
| Terms governing use and reproduction | 0 |
| Uniform Resource Identifier | <a href="459">459</a> |
| 942 ## - ADDED ENTRY ELEMENTS (KOHA) | |
| Source of classification or shelving scheme | |
| Koha item type | Book Bank |
| Withdrawn status | Lost status | Damaged status | Not for loan | Permanent Location | Current Location | Date acquired | Total Checkouts | Full call number | Date last seen | Price effective from | Koha item type |
|---|---|---|---|---|---|---|---|---|---|---|---|
| Military College of Engineering (MCE) | Military College of Engineering (MCE) | 06/27/2013 | 624.1833 MAJ | 06/27/2013 | 06/27/2013 | Book Bank |
